000 01072nam a2200277Ia 4500
003 OSt
005 20221005105430.0
006 a|||||r|||| 00| 0
007 ta
008 221004b |||||||| |||| 00| 0 hin d
020 _a9789381615799 (hbk)
_cINR 500.00
024 _a41288
037 _b929/19, 29/01/2019, Literacy House
_cTextual
040 _aCRL
_cCRL
_bhin
041 _2hin
_ahin
082 _aO15,1A1:g(P:75), 152Q6
100 _aअग्रवाल, महावीर, ले.
245 0 _aआदि कवि वाल्मीकि की रस योजना
246 _aĀdi kavi vālmīki kī ras yojanā
260 _aनई दिल्ली
_bप्रगतिशील प्रकाशन भारत
_c2016
300 _a350पृ0
_ccm.
650 _a संस्कृत साहित्य
650 _aरामायण
942 _hO15,1A1:g(P:75), 152Q6
_cTEXL
_2cc
999 _c1015793
_d1015793